Research Project on National Income in East Central Europe Working Papers, September 1987
Guardado en:
| Formato: | Libro |
|---|---|
| Lenguaje: | inglés |
| Publicado: |
New York
L.W. International Financial Research
1987
|
| Edición: | 1. ed. |
| Colección: | Reasearch Project on National Income in East Central Europe
|
| Materias: | |
| Etiquetas: |
Sin Etiquetas, Sea el primero en etiquetar este registro!
|
MARC
| LEADER | 00000nam a2200000 4500 | ||
|---|---|---|---|
| 001 | c013413 | ||
| 005 | 20221221075248.7 | ||
| 041 | 0 | |a eng | |
| 044 | |a US | ||
| 245 | 1 | 0 | |a Research Project on National Income in East Central Europe |b Working Papers, September 1987 |
| 250 | |a 1. ed. | ||
| 264 | 1 | |a New York |b L.W. International Financial Research |c 1987 | |
| 300 | |a 489 s. | ||
| 490 | 1 | |a Reasearch Project on National Income in East Central Europe | |
| 830 | 0 | |a Reasearch Project on National Income in East Central Europe | |
| 610 | 2 | 0 | |a dôchodok národný |
| 610 | 2 | 0 | |a výskum |
| 610 | 2 | 0 | |a východná Európa |